Los Gremios empresariales en el período 1970 - 1983: comportamiento sociopolítico y orientaciones ideológicas
Guardado en:
| Autor principal: | |
|---|---|
| Formato: | Texto |
| Publicado: |
Santiago:
ILET
|
| Etiquetas: |
Agregar Etiqueta
Sin Etiquetas, Sea el primero en etiquetar este registro!
|
MARC
| LEADER | 00000 a a2200000 04500 | ||
|---|---|---|---|
| 001 | 24078 | ||
| 003 | |||
| 040 | |||
| 090 | |a 167700 | ||
| 100 | |a Campero, Guillermo | ||
| 245 | |a Los Gremios empresariales en el período 1970 - 1983: comportamiento sociopolítico y orientaciones ideológicas | ||
| 260 | |a Santiago: |b ILET | ||
| 300 | |a 327 p | ||
| 999 | |c 14007 |d 14007 | ||
